00450nam a2200181Ia 4500003000400000005001700004008004100021020001800062040000700080041000800087082002100095100002300116245005400139250000600193260004400199300001700243365000800260OSt20230613153532.0210423s2009 xx 000 0 und d a9780470190395 cAL aeng a615.1223b LEDD aLEDNICER (Daniel). aStrategies for organic drug synthesis and design. a2 aNew DelhibWiley Liss Publicationc2009 axvii,682bHB cINR